United Kingdom residential property price index. - No. 1 (October 1982) - No. 2 (March 1983); No. 6 (Winter 1984) - No. 7 (Spring 1986) (Record no. 91795)

MARC details
000 -LEADER
fixed length control field 00678cam a2200217 4500
001 - CONTROL NUMBER
control field B1667
008 - FIXED-LENGTH DATA ELEMENTS--GENERAL INFORMATION
fixed length control field 090401t xxu||||| |||| 00| 0 eng d
035 ## - SYSTEM CONTROL NUMBER
System control number (Sirsi) u45668
041 ## - LANGUAGE CODE
Language code of text/sound track or separate title eng
050 ## - LIBRARY OF CONGRESS CALL NUMBER
Classification number 333.33
110 ## - MAIN ENTRY--CORPORATE NAME
Corporate name or jurisdiction name as entry element Mann and Co. Plc
9 (RLIN) 2365
245 ## - TITLE STATEMENT
Title United Kingdom residential property price index. - No. 1 (October 1982) - No. 2 (March 1983); No. 6 (Winter 1984) - No. 7 (Spring 1986)
260 ## - PUBLICATION, DISTRIBUTION, ETC.
Place of publication, distribution, etc. Woking, Surrey
Name of publisher, distributor, etc. Mann and Co. Plc
Date of publication, distribution, etc. 1982 - 198
300 ## - PHYSICAL DESCRIPTION
Extent 4v. ; 21 x 10cm.
350 ## - PRICE (NR) (BK AM CF MU VM SE) [OBSOLETE]
Price 4.5
520 ## - SUMMARY, ETC.
Summary, etc. Issue No. 1 entitled Residential Property Price Index.
650 ## - SUBJECT ADDED ENTRY--TOPICAL TERM
Topical term or geographic name entry element COUNTRYWIDE LTD
650 ## - SUBJECT ADDED ENTRY--TOPICAL TERM
Topical term or geographic name entry element HOUSE PRICES
942 ## - ADDED ENTRY ELEMENTS (KOHA)
Suppress in OPAC 0
948 ## - LOCAL PROCESSING INFORMATION (OCLC); SERIES PART DESIGNATOR (RLIN)
c (OCLC) 04/03/1997
Holdings
Withdrawn status Lost status Source of classification or shelving scheme Damaged status Not for loan Home library Current library Shelving location Date acquired Cost, normal purchase price Total Checkouts Full call number Barcode Date last seen Copy number Cost, replacement price Price effective from Koha item type
    Dewey Decimal Classification     London London Property market reports 14/09/1999 4.50   LIBRARY ANNEXE 30026291 06/08/2019 1 4.50 06/08/2019 Reference material
    Dewey Decimal Classification     London London Property market reports 14/09/1999 4.50   LIBRARY ANNEXE 30026292 06/08/2019 2 4.50 06/08/2019 Reference material
    Dewey Decimal Classification     London London Property market reports 14/09/1999 4.50   LIBRARY ANNEXE 30026293 06/08/2019 3 4.50 06/08/2019 Reference material
    Dewey Decimal Classification     London London Property market reports 14/09/1999 4.50   LIBRARY ANNEXE 30026294 06/08/2019 4 4.50 06/08/2019 Book